000 00191nam a22000857a 4500
001 1243966
005 20251017144757.0
245 _aYASEMEN
_cHASAN NAİL CANAT
260 _bGENÇ TİMAŞ YAYINLARI
999 _c1243966
_d1243966